Socialist political economies and the growth of mass consumption in Britain and the United States, 1880-1914 (Record no. 74786)

000 -LEADER
fixed length control field 00627pab a2200205 454500
008 - FIXED-LENGTH DATA ELEMENTS--GENERAL INFORMATION
fixed length control field 180718b2007 xxu||||| |||| 00| 0 eng d
100 ## - MAIN ENTRY--PERSONAL NAME
Personal name Thompson, Noel
245 ## - TITLE STATEMENT
Title Socialist political economies and the growth of mass consumption in Britain and the United States, 1880-1914
260 ## - PUBLICATION, DISTRIBUTION, ETC.
Date of publication, distribution, etc. 2007
300 ## - PHYSICAL DESCRIPTION
Extent p.230-56.
362 ## - DATES OF PUBLICATION AND/OR SEQUENTIAL DESIGNATION
Dates of publication and/or sequential designation Spring
650 ## - SUBJECT ADDED ENTRY--TOPICAL TERM
Topical term or geographic name entry element Socialism - Great Britain
650 ## - SUBJECT ADDED ENTRY--TOPICAL TERM
Topical term or geographic name entry element Socialism - United States
650 ## - SUBJECT ADDED ENTRY--TOPICAL TERM
Topical term or geographic name entry element Consumption - United States
650 ## - SUBJECT ADDED ENTRY--TOPICAL TERM
Topical term or geographic name entry element Consumption - Great Britain
650 ## - SUBJECT ADDED ENTRY--TOPICAL TERM
Topical term or geographic name entry element Consumption
773 ## - HOST ITEM ENTRY
Main entry heading Review of Radical Political Economics
908 ## - PUT COMMAND PARAMETER (RLIN)
Put command parameter N
909 ## -
-- 74786
Holdings
Withdrawn status Lost status Damaged status Not for loan Permanent Location Current Location Date acquired Serial Enumeration / chronology Barcode Date last seen Price effective from Koha item type
        Indian Institute of Public Administration Indian Institute of Public Administration 2018-07-19 Volume no: 39, Issue no: 2 AR75246 2018-07-19 2018-07-19 Articles

Powered by Koha